| 000 | 01192 a2200241 4500 | ||
|---|---|---|---|
| 005 | 20250612170153.0 | ||
| 020 | _a9780323512275 | ||
| 050 | 0 | 0 |
_aRM 301 _bBUR 2019 |
| 100 | 1 |
_aBurchum, Jacqueline Rosenjack, _eauthor. |
|
| 245 | 1 | 0 |
_aLehne's pharmacology for nursing care / _cJacqueline Rosenjack Burchum, DNSc, FNP-BC, CNE, Associate Professor, College of Nursing, Department of Advanced Practice and Doctoral Studies, University of Tennessee Health Science Center, Memphis, Tennessee, Laura D. Rosenthal, RN, DNP, ACNP-BC, FAANP, Associate Professor, College of Nursing, University of Colorado, Anschutz Medical Campus, Denver, Colorado. |
| 250 | _atenth edition. | ||
| 264 | 1 |
_aSt. Louis, Missouri : _bElsevier, _c[2019] |
|
| 300 |
_axiv, 1436 pages : _bcolor illustrations ; |
||
| 336 |
_atext _2rdacontent _btxt |
||
| 337 |
_aunmediated _2rdamedia _bn |
||
| 338 |
_avolume _2rdacarrier _bnc |
||
| 504 | _aIncludes bibliographical references and index. | ||
| 650 | 0 | _aPharmacology. | |
| 650 | 0 | _aNursing. | |
| 700 | 1 |
_aRosenthal, Laura D., _eauthor. |
|
| 700 | 1 |
_aLehne, Richard A., _d1943- _tPharmacology for nursing care. _iPreceded by (work): |
|
| 942 |
_2lcc _cBK _etenth _h301 _iBUR _kRM |
||
| 999 |
_c11547 _d11547 |
||